|
|
|
|
| LEADER |
01719nam a2200493 a 4500 |
| 001 |
000484537 |
| 003 |
CZ BrMZK |
| 005 |
20210222141618.0 |
| 007 |
ta |
| 008 |
010907s1999 xr e 0 cze d |
| 015 |
|
|
|a cnb001004397
|
| 020 |
|
|
|a 80-86023-09-5
|
| 035 |
|
|
|a (OCoLC)50340494
|
| 040 |
|
|
|a BOA001
|b cze
|
| 043 |
|
|
|a e-xr---
|b e-xr-jm
|2 czenas
|
| 045 |
|
|
|a m-p-
|
| 072 |
|
7 |
|a 902
|x Archeologie
|2 Konspekt
|9 8
|
| 080 |
|
|
|a 903.5(=81)(437.225)"08/11"
|2 MRF
|
| 080 |
|
|
|a 902.2
|2 MRF
|
| 080 |
|
|
|a 902:904
|2 MRF
|
| 080 |
|
|
|a 718
|2 MRF
|
| 080 |
|
|
|a (=16)
|2 MRF
|
| 080 |
|
|
|a (437.322)
|2 MRF
|
| 080 |
|
|
|a (062.552)
|2 MRF
|
| 080 |
|
|
|a (083.8)
|2 MRF
|
| 100 |
1 |
|
|a Jelínková, Dagmar,
|d 1961-
|7 mzk2004257566
|4 aut
|
| 245 |
1 |
0 |
|a Slovanské pohřebiště z 9. až 12. století v Mušově :
|b katalog /
|c Dagmar Jelínková.
|
| 260 |
|
|
|a Brno :
|b Archeologický ústav AV ČR,
|c 1999
|
| 300 |
|
|
|a 262 s. :
|b il. ;
|c 30 cm
|
| 490 |
1 |
|
|a Moravia Magna
|
| 500 |
|
|
|a Bibliogr.
|
| 648 |
|
7 |
|a 9.-12. století
|7 ch857008
|
| 650 |
0 |
7 |
|a archeologické výzkumy
|7 ph118577
|z Česko
|2 czenas
|
| 650 |
0 |
7 |
|a archeologické nálezy
|7 ph137683
|z Česko
|2 czenas
|
| 650 |
0 |
7 |
|a pohřebiště
|7 ph137684
|z Česko
|y 9.-12. století
|2 czenas
|
| 650 |
0 |
7 |
|a Slované
|7 ph118086
|z Česko
|y 9.-12. století
|2 czenas
|
| 651 |
|
7 |
|a Mušov (Česko : zaniklá obec)
|7 ge257810
|2 czenas
|
| 655 |
|
7 |
|a sborníky
|7 fd724344
|2 czenas
|
| 655 |
|
7 |
|a soupisy
|7 fd133560
|2 czenas
|
| 710 |
2 |
|
|a Archeologický ústav (Akademie věd ČR : Brno, Česko)
|7 ko2002101893
|
| 830 |
|
0 |
|a Moravia Magna
|
| 910 |
|
|
|a BOA001
|b 4-1074.241
|
| 990 |
|
|
|a BK
|
| 996 |
6 |
|
|b 2610117095
|c 4-1074.241
|l MZK
|r Sklad / do 1 hodiny
|n 16
|p p.v.
|w 000484537
|u 000010
|a 1
|e BOA001
|j MZK50
|s P
|